000 00243nam a2200097Ia 4500
001 752589
005 20250826164706.0
008 250824s9999 xx 000 0 und d
245 0 _aFİRAVUN İMANI
_cTARIK BUĞRA
260 _bİLETİŞİM YAYINLARI
999 _c752589
_d752589